Logique - Mort Subite #25 - Statistiques

Statistiques générales
  • Ce quiz a été pris 206 fois
  • Le résultat moyen est 6 sur 15
Answers on the Grid
Answers color-coded by a green-red scale on the quiz's grid according to % correct below.
Feuilles mortes
Glaçon
Arbre
Printemps
Pousse
Noël
Redoux
Avril
Jeudi de l'Ascension
Armistice 1918
Chandeleur
Paques
Orignal
Prague
Septembre
Verte saison
Fête du travail
Armistice 1945
Toussaint
Bourgeonnement et floraison
Mai
Fontes des neiges
Grandes vacances
Bélier
 
Statistiques - réponses
Réponse % Correct
Printemps
58%
Avril
56%
Arbre
55%
Mai
50%
Jeudi de l'Ascension
46%
Paques
46%
Fête du travail
43%
Armistice 1945
41%
Pousse
41%
Bourgeonnement et floraison
40%
Verte saison
37%
Redoux
33%
Fontes des neiges
30%
Bélier
29%
Prague
24%
Aucun quiz correspondant
Distribution des résultats
% des personnes avec chaque résultat
Percentile par nombre de réponses
Votre historique - résultats
Vous n’avez pas pris ce quiz